Mukjizat Al-Quran
| Main Author: | |
|---|---|
| Format: | Book |
| Published: |
Ciro :
Dar Al-Fikir Al-Arabi ,
1995
|
| Series: | Siri pendidikan Al Quran untuk kanak-kanak
|
| Subjects: |
MARC
| LEADER | 00000cam a2200000 7i4500 | ||
|---|---|---|---|
| 001 | 0000007786 | ||
| 002 | 000008356 | ||
| 005 | 20000330.0 | ||
| 020 | |a 9836235868 | ||
| 090 | 0 | 0 | |a 297.122 |b SYA |
| 100 | 0 | |a Rizq Haibah | |
| 245 | 1 | 0 | |a Mukjizat Al-Quran |c Rizq Haibah |
| 260 | |a Ciro : |b Dar Al-Fikir Al-Arabi , |c 1995 | ||
| 300 | |a 37p. : |b ill. ; |c 23cm. | ||
| 490 | 0 | |a Siri pendidikan Al Quran untuk kanak-kanak | |
| 650 | 0 | 0 | |a Islamic stories, Malay |
| 999 | |a 054968 |b BUKU |c JUNIOR BOOKS |e PERPUSTAKAAN KOMUNITI CAW KOTA DAMANSARA | ||